000
00338nam a22001457a 4500
008
210507b ||||| |||| 00| 0 eng d
020
_a
9780133851151
041
_a
eng
080
_2
11th
_a
004
082
_a
004
100
_a
28
101
_a
SHKI
245
_a
Accounting the Managerial Chapters
_c
Tracie M. Nobels
942
_2
udc
_c
BK
999
_c
57119
_d
57119